[Event "VII Weekend A"]
[Site "Palestrina ITA"]
[Date "1998.07.??"]
[Round "1"]
[White "Scacco, Mauro"]
[Black "Lanciani, Leo"]
[Result "1-0"]
[WhiteElo "2020"]
[BlackElo "1705"]
[PlyCount "85"]
[EventDate "1998.07.??"]

1. e4 e5 2. Nf3 Nf6 3. Nc3 Nc6 4. Bb5 d6 5. d4 exd4 6. Nxd4 Bd7 7. Bxc6 bxc6 8.
O-O Be7 9. Qf3 c5 10. e5 cxd4 11. exf6 Bxf6 12. Re1+ Be5 13. Ne4 h6 14. Qh5 g6
15. Qf3 Be6 16. Bf4 Bg7 17. h4 O-O 18. h5 g5 19. Bd2 Rb8 20. b3 d3 21. Rac1
dxc2 22. Bc3 f5 23. Bxg7 Kxg7 24. Qc3+ Kh7 25. Ng3 Bd5 26. Qxc2 Qd7 27. Qxc7
Rb7 28. Qxd7+ Rxd7 29. Rcd1 Bb7 30. Re6 d5 31. Re5 Rdf7 32. Ne2 Kg7 33. Nd4 Kh7
34. Rde1 f4 35. b4 a6 36. Ne6 Rb8 37. a3 Bc6 38. Nd4 Bb7 39. a4 Rc8 40. Nf5
Rcc7 41. Nd6 Rfd7 42. Ne8 Rc4 43. Nf6+ 1-0

[Event "VII Weekend A"]
[Site "Palestrina ITA"]
[Date "1998.07.??"]
[Round "1"]
[White "Vannelli, Vittorio"]
[Black "Gardon, Ermanno"]
[Result "0-1"]
[WhiteElo "1741"]
[BlackElo "2110"]
[PlyCount "48"]
[EventDate "1998.07.??"]

1. e4 e6 2. d4 c5 3. Nf3 cxd4 4. Nxd4 Nf6 5. Nc3 Nc6 6. Be3 Bb4 7. Bd3 Ne5 8.
O-O d5 9. exd5 Bxc3 10. Bb5+ Kf8 11. dxe6 Bb4 12. exf7 Bd7 13. Qe2 a6 14. Bxd7
Qxd7 15. Rad1 Nc6 16. Qc4 Qxf7 17. Ne6+ Kg8 18. f4 Be7 19. f5 h5 20. Bg5 Ne5
21. Qc7 Neg4 22. Bxf6 Nxf6 23. Ng5 Ne8 24. Qxb7 Bc5+ 0-1

[Event "VII Weekend A"]
[Site "Palestrina ITA"]
[Date "1998.07.??"]
[Round "2"]
[White "Brunetti, Alessandro"]
[Black "Vargiu, Antonio"]
[Result "1-0"]
[WhiteElo "1827"]
[BlackElo "1701"]
[PlyCount "89"]
[EventDate "1998.07.??"]

1. d4 Nf6 2. c4 c5 3. Nf3 cxd4 4. Nxd4 e5 5. Nb5 d5 6. cxd5 Qa5+ 7. N5c3 Bc5 8.
Bd2 Qb6 9. e3 Qxb2 10. Qb3 Qxb3 11. axb3 O-O 12. f3 Nbd7 13. Bd3 Bb4 14. e4 Bc5
15. Na4 Bd4 16. Bc3 Be3 17. Ke2 Bh6 18. Nd2 Nh5 19. g3 Kh8 20. Bb5 Nhf6 21. Nc4
a6 22. Bxd7 Bxd7 23. Nab6 Rae8 24. Bxe5 Bb5 25. Bxf6 gxf6 26. Kd3 f5 27. Rhe1
fxe4+ 28. fxe4 Rg8 29. Rf1 Rg6 30. Na4 Re7 31. Rae1 Rg8 32. Nc3 Bd7 33. d6 Ree8
34. Rxf7 Bc6 35. e5 Rg7 36. Rxg7 Kxg7 37. Na5 Kf7 38. Nxc6 bxc6 39. d7 Rd8 40.
e6+ Ke7 41. Re4 Bg7 42. Ne2 Rb8 43. Kc4 Rb5 44. Nd4 Rd5 45. Nxc6+ 1-0

[Event "VII Weekend A"]
[Site "Palestrina ITA"]
[Date "1998.07.??"]
[Round "2"]
[White "Gardon, Ermanno"]
[Black "Passerotti, Pierluigi"]
[Result "1-0"]
[WhiteElo "2110"]
[BlackElo "2305"]
[PlyCount "115"]
[EventDate "1998.07.??"]

1. e4 c5 2. Nf3 e6 3. d4 cxd4 4. Nxd4 a6 5. c4 Nf6 6. Nc3 Qc7 7. a3 b6 8. Bd3
Bb7 9. O-O Nc6 10. Nxc6 Bxc6 11. Qe2 d6 12. Be3 Be7 13. Rac1 Qb7 14. f3 O-O 15.
Kh1 Rfd8 16. Qf2 Rab8 17. Ne2 b5 18. Nd4 Bd7 19. cxb5 axb5 20. Qe2 e5 21. Nb3
Ra8 22. Bd2 Qb6 23. Bb4 Be6 24. Nd2 Nh5 25. Qf2 Qb7 26. Rfe1 Bg5 27. Rc3 Nf4
28. Bf1 Rac8 29. Nb1 Bc4 30. g3 Ne6 31. Bh3 d5 32. exd5 Bxd5 33. Bg2 Qb8 34.
Rxc8 Rxc8 35. Nc3 Bc6 36. Qe2 f6 37. Qd1 Nd4 38. Ne2 Nxf3 39. Qb3+ Kh8 40. Bxf3
Qb7 41. Ng1 e4 42. Bg2 Bd5 43. Qd1 f5 44. Bc3 Qf7 45. Nh3 Bh6 46. Nf4 Bb3 47.
Qd6 Kg8 48. Qe5 Qd7 49. Bh3 Rf8 50. Bb4 g6 51. Bxf8 Bxf8 52. Qxe4 Qg7 53. Qe5
g5 54. Qxg7+ Bxg7 55. Nd3 g4 56. Bg2 Bc4 57. Ne5 Bb3 58. Bc6 1-0

[Event "VII Weekend A"]
[Site "Palestrina ITA"]
[Date "1998.07.??"]
[Round "2"]
[White "Gaspero, Mario"]
[Black "Minerva, Enzo"]
[Result "1-0"]
[WhiteElo "1785"]
[BlackElo "2135"]
[PlyCount "131"]
[EventDate "1998.07.??"]

1. e4 d5 2. exd5 Nf6 3. c4 Bg4 4. Qb3 Bc8 5. Nf3 a5 6. Be2 a4 7. Qc2 g6 8. Nc3
Bf5 9. d3 c5 10. O-O Bd7 11. Ne5 Bg7 12. Rb1 Nxd5 13. Nxf7 Kxf7 14. Nxd5 Nc6
15. Qd2 Rf8 16. b4 e6 17. bxc5 exd5 18. cxd5 Nd4 19. Rxb7 Rb8 20. Rxb8 Qxb8 21.
c6 Bf5 22. Bd1 Qd6 23. Bb2 a3 24. Bxd4 Bxd4 25. Bf3 Kg7 26. Rb1 Rb8 27. Rb7+
Rxb7 28. cxb7 Be5 29. g3 Qc7 30. g4 Bxh2+ 31. Kg2 Bf4 32. d6 Qxd6 33. Qc3+ Kh6
34. gxf5 gxf5 35. b8=Q Qg6+ 36. Kf1 Bxb8 37. Qxa3 Qb6 38. Qf8+ Kg6 39. Qg8+ Kf6
40. Qxh7 Qb1+ 41. Kg2 Qb4 42. Qh6+ Ke5 43. Qe3+ Kf6 44. d4 Qd6 45. Qh6+ Ke7 46.
Qh7+ Kf6 47. Qh8+ Ke7 48. Qh4+ Kf7 49. d5 Qg6+ 50. Kh3 Qd6 51. Qh7+ Kf6 52.
Qh8+ Ke7 53. Qg7+ Kd8 54. Qg5+ Kc7 55. Qxf5 Kd8 56. Qg5+ Kc8 57. Qg3 Qh6+ 58.
Qh4 Qd6 59. Kg2 Kb7 60. Qc4 Qh2+ 61. Kf1 Kb6 62. Qc6+ Ka5 63. Qc5+ Ka6 64. Be2+
Kb7 65. Qc6+ Ka7 66. Qa6# 1-0

[Event "VII Weekend A"]
[Site "Palestrina ITA"]
[Date "1998.07.??"]
[Round "2"]
[White "Quimi, Marco"]
[Black "Vannelli, Vittorio"]
[Result "1-0"]
[WhiteElo "2250"]
[BlackElo "1741"]
[PlyCount "79"]
[EventDate "1998.07.??"]

1. e4 e5 2. Nf3 Nc6 3. Bb5 a6 4. Ba4 Nf6 5. O-O Be7 6. Re1 b5 7. Bb3 d6 8. c3
O-O 9. h3 Re8 10. d4 Bf8 11. Nbd2 g6 12. a4 Bd7 13. axb5 axb5 14. Rxa8 Qxa8 15.
d5 Ne7 16. Nf1 Nh5 17. N1h2 Ng7 18. Ng4 Bxg4 19. hxg4 f5 20. gxf5 gxf5 21. exf5
Nexf5 22. g4 Ne7 23. Ng5 Ng6 24. Bc2 Re7 25. Re3 Ne8 26. Rh3 Nf6 27. Qf3 Qa1
28. Qd1 Nf4 29. Bxf4 Qxd1+ 30. Bxd1 exf4 31. Bf3 h5 32. Rh4 Bh6 33. Ne6 Bg7 34.
gxh5 Bh6 35. Kf1 c6 36. dxc6 Rxe6 37. c7 Re8 38. Bb7 Bg5 39. Rh1 Ne4 40. Bxe4
1-0

[Event "VII Weekend A"]
[Site "Palestrina ITA"]
[Date "1998.07.??"]
[Round "2"]
[White "Spano' Cuomo, Gaetano"]
[Black "Ottavi, Marco"]
[Result "0-1"]
[WhiteElo "1776"]
[BlackElo "1900"]
[PlyCount "90"]
[EventDate "1998.07.??"]

1. d4 e6 2. c4 Nf6 3. Nc3 Bb4 4. a3 Bxc3+ 5. bxc3 c5 6. Qc2 Nc6 7. Nf3 d6 8. e4
e5 9. d5 Ne7 10. Be2 Ng6 11. O-O O-O 12. Ne1 Qe7 13. Nd3 Nxe4 14. f3 Nf6 15.
Nf2 Nh5 16. Bd3 f5 17. g4 Nhf4 18. Kh1 Nxd3 19. Qxd3 Qh4 20. g5 b6 21. Be3 Ba6
22. Rg1 Qxc4 23. Qxc4 Bxc4 24. Kg2 Nh4+ 25. Kg3 f4+ 26. Kxh4 fxe3 27. Ne4 Rad8
28. Rg3 Bxd5 29. Re1 Rf4+ 30. Kh3 Bxe4 31. fxe4 Rxe4 32. Rgxe3 Rxe3+ 33. Rxe3
Kf7 34. c4 Ke6 35. Kg4 Rf8 36. Rh3 Rf4+ 37. Kg3 Rxc4 38. Rxh7 Kf7 39. h4 Kg6
40. Rh8 d5 41. Rd8 Rd4 42. Rd7 c4 43. Rxa7 c3 44. Rb7 c2 45. Rxb6+ Kh5 0-1

[Event "VII Weekend A"]
[Site "Palestrina ITA"]
[Date "1998.07.??"]
[Round "3"]
[White "Gardon, Ermanno"]
[Black "Gaspero, Mario"]
[Result "1-0"]
[WhiteElo "2110"]
[BlackElo "1785"]
[PlyCount "37"]
[EventDate "1998.07.??"]

1. e4 c5 2. Nf3 d6 3. d4 cxd4 4. Nxd4 Nf6 5. Nc3 Nc6 6. f4 Bg4 7. Nf3 Qb6 8. h3
Bxf3 9. Qxf3 Nd4 10. Qf2 a6 11. Bd3 e5 12. O-O Qc7 13. Be3 Ne6 14. Nd5 Nxd5 15.
exd5 Nxf4 16. Bxf4 exf4 17. Rae1+ Be7 18. Qxf4 O-O 19. Qe4 1-0

[Event "VII Weekend A"]
[Site "Palestrina ITA"]
[Date "1998.07.??"]
[Round "3"]
[White "Lanciani, Leo"]
[Black "Ottavi, Marco"]
[Result "1-0"]
[WhiteElo "1705"]
[BlackElo "1900"]
[PlyCount "63"]
[EventDate "1998.07.??"]

1. f4 d5 2. Nf3 Nf6 3. e3 g6 4. b3 Bg7 5. Bb2 O-O 6. Be2 Nbd7 7. O-O c5 8. Ne5
Qc7 9. d4 b6 10. Nd2 Bb7 11. Qe1 cxd4 12. Bxd4 Qxc2 13. Nxd7 Nxd7 14. Rc1 Qxa2
15. Rc7 Bc8 16. Bf3 e6 17. Bxg7 Kxg7 18. e4 Nc5 19. exd5 exd5 20. Bxd5 Ne6 21.
Qe5+ Kg8 22. Ne4 Nxc7 23. Nf6+ Kh8 24. Nh5+ f6 25. Nxf6 Nxd5 26. Nxd5+ Kg8 27.
Ne7+ Kf7 28. f5 g5 29. Nd5 Kg8 30. f6 Qc2 31. f7+ Rxf7 32. Qe8+ 1-0

[Event "VII Weekend A"]
[Site "Palestrina ITA"]
[Date "1998.07.??"]
[Round "3"]
[White "Passerotti, Pierluigi"]
[Black "Tomescu, Vlad"]
[Result "1-0"]
[WhiteElo "2305"]
[BlackElo "2425"]
[PlyCount "75"]
[EventDate "1998.07.??"]

1. d4 Nf6 2. Nf3 b5 3. e3 a6 4. Bd3 Bb7 5. Nbd2 e6 6. e4 d6 7. c3 c5 8. O-O Nc6
9. Re1 Be7 10. Nf1 e5 11. d5 Nb8 12. Ne3 Nbd7 13. b3 O-O 14. a4 c4 15. bxc4
bxa4 16. Ba3 Qc7 17. Qxa4 g6 18. Reb1 Ra7 19. Nd2 h5 20. Nb3 Ng4 21. Nxg4 hxg4
22. Na5 Ba8 23. Ra2 f5 24. Nc6 Bxc6 25. dxc6 Nb8 26. c5 dxc5 27. Bc4+ Kg7 28.
Bd5 Rf6 29. Rb7 Rxb7 30. cxb7 Rb6 31. Rb2 Rxb2 32. Bxb2 Qb6 33. Qe8 Qxb2 34.
Qxe7+ Kh6 35. g3 Qb1+ 36. Kg2 Qd1 37. Qf8+ Kg5 38. Qd8+ 1-0

[Event "VII Weekend A"]
[Site "Palestrina ITA"]
[Date "1998.07.??"]
[Round "3"]
[White "Scacco, Mauro"]
[Black "Quimi, Marco"]
[Result "0-1"]
[WhiteElo "2020"]
[BlackElo "2250"]
[PlyCount "152"]
[EventDate "1998.07.??"]

1. e4 c5 2. Nf3 d6 3. Bc4 e6 4. Qe2 Nc6 5. c3 Nf6 6. d3 Be7 7. O-O O-O 8. a3 a6
9. Bf4 b5 10. Ba2 Bb7 11. Nbd2 Rc8 12. Rfe1 Qc7 13. h3 Rfd8 14. Rad1 Ne5 15. d4
Ng6 16. Bh2 cxd4 17. Nxd4 Qb6 18. Qe3 d5 19. e5 Nd7 20. Bb1 a5 21. f4 b4 22.
axb4 axb4 23. f5 bxc3 24. bxc3 exf5 25. Bxf5 Bf8 26. e6 fxe6 27. Qxe6+ Qxe6 28.
Nxe6 Re8 29. Nc7 Bc5+ 30. Kh1 Rxe1+ 31. Rxe1 Ngf8 32. Nf3 g6 33. Bb1 Bb6 34.
Nb5 Ba6 35. Nd6 Rxc3 36. Ba2 Rd3 37. Ne8 Bc4 38. Bb1 Re3 39. Rxe3 Bxe3 40. Nd6
Bb3 41. Nb5 Ne6 42. Bg1 Bxg1 43. Kxg1 Bc4 44. Nd6 Bb3 45. Nd2 Ba4 46. Ba2 Nb6
47. N2e4 Kf8 48. Nc3 Bc6 49. g3 Nc7 50. Bb1 Ke7 51. Nf5+ gxf5 52. Bxf5 h6 53.
Ne2 Kf6 54. Bb1 Bd7 55. h4 Ke5 56. Kf2 Ne6 57. g4 Nd4 58. g5 h5 59. Ng3 Bg4 60.
Bg6 Nf3 61. Nxh5 Nxh4 62. Be8 Bxh5 63. Bxh5 d4 64. Ke2 Nd5 65. Kd2 Nf4 66. Be8
Nf3+ 67. Kd1 Nxg5 68. Bb5 Ke4 69. Ba6 Kd5 70. Bf1 Kc5 71. Ba6 Kb4 72. Bf1 Kc3
73. Ba6 Ne4 74. Bb5 Nd6 75. Ba6 Nc4 76. Bc8 d3 0-1

[Event "VII Weekend A"]
[Site "Palestrina ITA"]
[Date "1998.07.??"]
[Round "3"]
[White "Vannelli, Vittorio"]
[Black "Brunetti, Alessandro"]
[Result "0-1"]
[WhiteElo "1741"]
[BlackElo "1827"]
[PlyCount "98"]
[EventDate "1998.07.??"]

1. e4 e6 2. d4 d5 3. Nd2 dxe4 4. Nxe4 Bd7 5. Nf3 Bc6 6. Bd3 Nd7 7. O-O Be7 8.
Qe2 Bxe4 9. Bxe4 c6 10. c4 Ngf6 11. Bc2 O-O 12. Ne5 Re8 13. Be3 Qa5 14. f4 Rad8
15. Qf3 Nf8 16. f5 exf5 17. Qxf5 Ng6 18. Qf2 Nxe5 19. dxe5 Qxe5 20. Bxa7 Bd6
21. g3 Qe2 22. Rac1 Qxf2+ 23. Bxf2 Re2 24. Rfe1 Rde8 25. Rxe2 Rxe2 26. Kf1 Rd2
27. Rd1 Ne4 28. Rxd2 Nxd2+ 29. Ke2 Nxc4 30. b3 Ne5 31. h3 Kf8 32. a4 g6 33. a5
Bb4 34. Be1 Bxe1 35. Kxe1 Ke7 36. Ke2 Kd6 37. Ke3 Kd5 38. Kf4 f6 39. g4 h6 40.
h4 Ke6 41. Be4 g5+ 42. Ke3 Nxg4+ 43. Kd4 Kd6 44. b4 Ne5 45. Kc3 g4 46. b5 Kc5
47. a6 bxa6 48. bxa6 Kb6 49. Kd4 Kxa6 0-1

[Event "VII Weekend A"]
[Site "Palestrina ITA"]
[Date "1998.07.??"]
[Round "3"]
[White "Vargiu, Antonio"]
[Black "Spano' Cuomo, Gaetano"]
[Result "0-1"]
[WhiteElo "1701"]
[BlackElo "1776"]
[PlyCount "108"]
[EventDate "1998.07.??"]

1. e4 c5 2. c3 d5 3. exd5 Qxd5 4. Nf3 Nc6 5. d4 e6 6. Be2 Nf6 7. O-O cxd4 8.
cxd4 Be7 9. Bf4 a6 10. Nc3 Qa5 11. Qb3 O-O 12. Rfd1 Nb4 13. Rac1 Nbd5 14. Nxd5
Qxd5 15. Bc4 Qf5 16. Be5 b5 17. Bd3 Qh5 18. Qc2 Bb7 19. Be2 Rac8 20. Qd2 Nd5
21. Ne1 Qg6 22. Nf3 Bb4 23. Qd3 Qxd3 24. Bxd3 f6 25. Bg3 Ba5 26. Be4 Rxc1 27.
Rxc1 Nc3 28. bxc3 Bxe4 29. Nd2 Bd3 30. Bd6 Rc8 31. Bc5 e5 32. Nb3 exd4 33. cxd4
Bd8 34. Re1 Bg6 35. Nd2 a5 36. Ne4 Bxe4 37. Rxe4 Bb6 38. g3 Bxc5 39. dxc5 Rxc5
40. Re3 b4 41. Re2 a4 42. Rb2 Rb5 43. Kf1 b3 44. axb3 Rxb3 45. Ra2 a3 46. Ke1
Kf7 47. Kd1 Ke6 48. Kc1 Kd5 49. Kc2 Rb2+ 50. Rxb2 axb2 51. Kxb2 Ke4 52. f4 Kf3
53. Kc2 Kg2 54. Kd3 Kxh2 0-1

[Event "VII Weekend A"]
[Site "Palestrina ITA"]
[Date "1998.07.??"]
[Round "4"]
[White "Brunetti, Alessandro"]
[Black "Lanciani, Leo"]
[Result "1-0"]
[WhiteElo "1827"]
[BlackElo "1705"]
[PlyCount "93"]
[EventDate "1998.07.??"]

1. d4 d5 2. c4 c6 3. cxd5 cxd5 4. Nf3 Nf6 5. Nc3 Nc6 6. Bf4 Nh5 7. Be5 f6 8.
Bg3 Nxg3 9. hxg3 e6 10. e3 Qb6 11. Qd2 Bb4 12. Bb5 Bd7 13. Bxc6 Bxc6 14. a3
Bxc3 15. Qxc3 Rc8 16. O-O O-O 17. Rfc1 Bd7 18. Qd2 Rxc1+ 19. Rxc1 Rc8 20. Rxc8+
Bxc8 21. Qc3 Bd7 22. b4 Qc6 23. Qxc6 Bxc6 24. Kf1 Kf7 25. Nd2 Bb5+ 26. Ke1 Bc4
27. Nxc4 dxc4 28. b5 Ke7 29. Kd2 Kd6 30. e4 e5 31. Kc3 exd4+ 32. Kxd4 c3 33.
Kxc3 Kc5 34. a4 g5 35. f4 g4 36. Kd3 h5 37. Kc3 b6 38. Kd3 Kd6 39. Kc4 Ke6 40.
Kd4 f5 41. exf5+ Kxf5 42. Ke3 Ke6 43. Ke4 Kf6 44. f5 Kf7 45. Ke5 Ke7 46. f6+
Kf7 47. Kf5 1-0

[Event "VII Weekend A"]
[Site "Palestrina ITA"]
[Date "1998.07.??"]
[Round "4"]
[White "Gaspero, Mario"]
[Black "Passerotti, Pierluigi"]
[Result "0-1"]
[WhiteElo "1785"]
[BlackElo "2305"]
[PlyCount "94"]
[EventDate "1998.07.??"]

1. e4 c5 2. Nf3 Nc6 3. d4 cxd4 4. Nxd4 g6 5. c4 Bg7 6. Be3 Nf6 7. Nc3 Ng4 8.
Nxc6 Nxe3 9. Nxd8 Nxd1 10. Nxd1 Kxd8 11. Rc1 b6 12. Bd3 Bb7 13. O-O e6 14. Nc3
f5 15. exf5 gxf5 16. Rfd1 Rg8 17. Bf1 Bh6 18. Rc2 Ke7 19. g3 Rac8 20. b3 a6 21.
a4 Bg7 22. Ne2 Rc7 23. Rcd2 h5 24. Bg2 Bxg2 25. Kxg2 h4 26. Nd4 hxg3 27. hxg3
Rb8 28. Rh1 Kf7 29. Nf3 b5 30. Rhd1 Ke7 31. axb5 axb5 32. Rc2 bxc4 33. Rxc4
Rxc4 34. bxc4 Rb4 35. Rc1 Kd6 36. Ne1 Rb3 37. f4 Kc5 38. Rc2 Ra3 39. Nf3 Bc3
40. Ne5 Bxe5 41. fxe5 Re3 42. Rd2 Kc6 43. Rd4 Rxe5 44. Kf3 d6 45. g4 Kc5 46.
Rf4 fxg4+ 47. Rxg4 Re1 0-1

[Event "VII Weekend A"]
[Site "Palestrina ITA"]
[Date "1998.07.??"]
[Round "4"]
[White "Ottavi, Marco"]
[Black "Scacco, Mauro"]
[Result "1-0"]
[WhiteElo "1900"]
[BlackElo "2020"]
[PlyCount "41"]
[EventDate "1998.07.??"]

1. e4 e5 2. Nf3 Nc6 3. Bb5 Nf6 4. O-O Be7 5. d4 O-O 6. dxe5 Nxe4 7. Qd5 Nc5 8.
Be3 Ne6 9. Nc3 Nb4 10. Qe4 a5 11. a3 Na6 12. Bd3 g6 13. Bh6 Nac5 14. Qe3 d5 15.
exd6 Qxd6 16. Bc4 Ng7 17. Bxg7 Kxg7 18. Rad1 Qf6 19. Nd5 Qe6 20. Qd4+ Kg8 21.
Rfe1 1-0

[Event "VII Weekend A"]
[Site "Palestrina ITA"]
[Date "1998.07.??"]
[Round "4"]
[White "Quimi, Marco"]
[Black "Gardon, Ermanno"]
[Result "0-1"]
[WhiteElo "2250"]
[BlackElo "2110"]
[PlyCount "88"]
[EventDate "1998.07.??"]

1. e4 e6 2. d4 c5 3. Nf3 cxd4 4. Nxd4 Nf6 5. Nc3 Nc6 6. Nxc6 bxc6 7. Bd3 d5 8.
O-O Qc7 9. Re1 Be7 10. e5 Nd7 11. Qg4 Kf8 12. f4 h5 13. Qf3 Nc5 14. Bf1 g6 15.
b3 Ba6 16. Be3 Bxf1 17. Rxf1 Nd7 18. Rad1 Kg7 19. Kh1 c5 20. Bf2 a6 21. Bg3 Nb6
22. a4 a5 23. Nb5 Qc6 24. h3 c4 25. Bf2 Bc5 26. Bxc5 Qxc5 27. Nd4 Nd7 28. Qg3
Kf8 29. Rf3 Rc8 30. Qe1 Ke7 31. bxc4 Qxc4 32. Rb3 Nc5 33. Qh4+ Kd7 34. Qf6 Rhf8
35. Rb6 Ne4 36. Qh4 Rc7 37. Kh2 Qxa4 38. f5 gxf5 39. Nxf5 exf5 40. Rxd5+ Kc8
41. Qxh5 Ng3 42. Kxg3 Rg8+ 43. Kh2 Qf4+ 44. Kh1 Qf1+ 0-1

[Event "VII Weekend A"]
[Site "Palestrina ITA"]
[Date "1998.07.??"]
[Round "4"]
[White "Spano' Cuomo, Gaetano"]
[Black "Tomescu, Vlad"]
[Result "0-1"]
[WhiteElo "1776"]
[BlackElo "2425"]
[PlyCount "86"]
[EventDate "1998.07.??"]

1. d4 Nf6 2. c4 g6 3. Nc3 d5 4. cxd5 Nxd5 5. e4 Nxc3 6. bxc3 Bg7 7. Bc4 O-O 8.
Ne2 b6 9. Be3 Bb7 10. f3 Nc6 11. O-O Na5 12. Bd3 e5 13. Qc2 Rc8 14. Rad1 Qe7
15. Qb1 Rcd8 16. d5 c6 17. c4 Rfe8 18. Rc1 Rc8 19. Kh1 Bf8 20. Rfd1 cxd5 21.
cxd5 Qa3 22. Rxc8 Rxc8 23. Rc1 Rxc1+ 24. Bxc1 Qc5 25. Qc2 Qf2 26. Qd1 Qc5 27.
Bd2 Nc4 28. Bxc4 Qxc4 29. Nc1 f6 30. h3 Kf7 31. Qb3 Ba6 32. Qxc4 Bxc4 33. Bc3
f5 34. Kg1 f4 35. Bd2 Bc5+ 36. Kh2 a5 37. g3 g5 38. gxf4 gxf4 39. Kg2 a4 40.
Be1 Be3 41. Bf2 Bxc1 42. Bxb6 Bb2 43. Bc5 a3 0-1

[Event "VII Weekend A"]
[Site "Palestrina ITA"]
[Date "1998.07.??"]
[Round "4"]
[White "Vargiu, Antonio"]
[Black "Vannelli, Vittorio"]
[Result "0-1"]
[WhiteElo "1701"]
[BlackElo "1741"]
[PlyCount "56"]
[EventDate "1998.07.??"]

1. e4 e5 2. Nf3 Nc6 3. d4 exd4 4. Nxd4 Bc5 5. Be3 Qf6 6. c3 Nge7 7. Bc4 O-O 8.
O-O Ne5 9. Be2 Qg6 10. Nf5 Nxf5 11. Bxc5 Nh4 12. g3 d6 13. Be3 Bh3 14. Nd2 Ng2
15. Bd4 Nf4 16. Bxe5 Nxe2+ 17. Qxe2 Bxf1 18. Qxf1 dxe5 19. Qe2 Rad8 20. Nc4
Rfe8 21. f3 h5 22. Ne3 c6 23. Nf5 Qg5 24. Rd1 Rxd1+ 25. Qxd1 g6 26. Nh4 Rd8 27.
Qb3 Qc1+ 28. Kg2 Rd2+ 0-1

[Event "VII Weekend A"]
[Site "Palestrina ITA"]
[Date "1998.07.??"]
[Round "5"]
[White "Gardon, Ermanno"]
[Black "Brunetti, Alessandro"]
[Result "1-0"]
[WhiteElo "2110"]
[BlackElo "1827"]
[PlyCount "73"]
[EventDate "1998.07.??"]

1. e4 e6 2. d4 d5 3. Nc3 dxe4 4. Nxe4 Bd7 5. Nf3 Bc6 6. Bd3 Nd7 7. O-O Be7 8.
Qe2 Bxe4 9. Qxe4 c6 10. Bf4 Ngf6 11. Qe2 O-O 12. Rad1 Re8 13. Rfe1 Qa5 14. Ng5
Nf8 15. Bc4 Qf5 16. Bc1 Bd6 17. Nf3 Rad8 18. Bg5 Be7 19. Bd3 Qg4 20. Qd2 Qh5
21. Re5 Ng4 22. Bxe7 Nxe5 23. dxe5 Rxe7 24. Bxh7+ Kxh7 25. Qxd8 Ng6 26. Rd4 c5
27. Rc4 b6 28. h4 Rb7 29. g4 Rd7 30. Ng5+ Kh6 31. Qxd7 Qxh4 32. Nxf7+ Kh7 33.
Qxe6 Nf8 34. Qf5+ Kg8 35. Ng5 Nh7 36. Qf7+ Kh8 37. Qe8+ 1-0

[Event "VII Weekend A"]
[Site "Palestrina ITA"]
[Date "1998.07.??"]
[Round "5"]
[White "Lanciani, Leo"]
[Black "Spano' Cuomo, Gaetano"]
[Result "1-0"]
[WhiteElo "1705"]
[BlackElo "1776"]
[PlyCount "105"]
[EventDate "1998.07.??"]

1. f4 Nf6 2. Nf3 e6 3. b3 d5 4. Bb2 Bc5 5. e3 b6 6. Be2 Bb7 7. O-O O-O 8. Ne5
Nbd7 9. d4 Be7 10. Nd2 Nxe5 11. fxe5 Ne8 12. Bd3 f5 13. Nf3 g5 14. h3 Ng7 15.
Nh2 Qe8 16. g4 c5 17. c3 a5 18. Qe2 Qg6 19. Rf3 c4 20. Bc2 cxb3 21. axb3 Ba6
22. Qf2 h5 23. Nf1 Qh6 24. gxf5 exf5 25. Bxf5 Nxf5 26. Rxf5 Qe6 27. e4 dxe4 28.
Ne3 Rxf5 29. Qxf5 Qxf5 30. Nxf5 Bf8 31. c4 Kh7 32. Ng3 Kg6 33. Re1 Bb4 34. Rxe4
a4 35. Re3 a3 36. Ba1 Bc8 37. Kh2 Bd2 38. Rf3 Bf4 39. Kg1 Bb7 40. Rc3 a2 41.
Ne2 Bd2 42. Rd3 Bb4 43. d5 Kf7 44. Rf3+ Ke8 45. Kh2 Rc8 46. Nc3 Bc5 47. Na4 Ke7
48. Rf6 b5 49. Nxc5 Rxc5 50. Bd4 Rc8 51. e6 Rf8 52. d6+ Ke8 53. d7+ 1-0

[Event "VII Weekend A"]
[Site "Palestrina ITA"]
[Date "1998.07.??"]
[Round "5"]
[White "Passerotti, Pierluigi"]
[Black "Quimi, Marco"]
[Result "1/2-1/2"]
[WhiteElo "2305"]
[BlackElo "2250"]
[PlyCount "138"]
[EventDate "1998.07.??"]

1. d4 d5 2. c4 c6 3. Nc3 e6 4. e3 Nf6 5. Nf3 a6 6. a3 Nbd7 7. b3 Bd6 8. Bb2 O-O
9. Qc2 e5 10. dxe5 Nxe5 11. Nxe5 Bxe5 12. cxd5 cxd5 13. Bd3 Be6 14. Ne2 Rc8 15.
Qb1 Bxb2 16. Qxb2 Qd6 17. h3 Rc7 18. O-O Rfc8 19. Rfd1 Qb6 20. Qd4 Qxd4 21.
Nxd4 Kf8 22. Kf1 h6 23. Ke1 Ke7 24. f3 Ne8 25. Kd2 Bd7 26. Ra2 g6 27. Rc2 Rxc2+
28. Bxc2 Nd6 29. Bd3 a5 30. a4 b6 31. Rb1 Rc5 32. b4 Nc4+ 33. Ke2 Rc7 34. bxa5
bxa5 35. Nb5 Rc5 36. Rb3 Bxb5 37. axb5 Nb6 38. Kd2 a4 39. Rb1 Kd6 40. Ra1 f5
41. g4 Ke5 42. f4+ Kf6 43. gxf5 gxf5 44. Rc1 Nc4+ 45. Bxc4 dxc4 46. Rb1 a3 47.
b6 a2 48. Ra1 Rb5 49. Rxa2 Rxb6 50. Rc2 Rd6+ 51. Ke2 Rc6 52. Kd2 Kg6 53. Kc3
Re6 54. Kd2 Re4 55. Ra2 Kh5 56. Ra6 Re7 57. Rc6 Rg7 58. Rxc4 Kh4 59. Rc6 h5 60.
Rf6 Rd7+ 61. Ke2 Rd5 62. Rh6 Rd8 63. Kf2 Rd2+ 64. Kf1 Rh2 65. Rf6 Kxh3 66. Rxf5
Kg4 67. Kg1 Re2 68. Rg5+ Kf3 69. Rxh5 Rxe3 1/2-1/2

[Event "VII Weekend A"]
[Site "Palestrina ITA"]
[Date "1998.07.??"]
[Round "5"]
[White "Scacco, Mauro"]
[Black "Vargiu, Antonio"]
[Result "1-0"]
[WhiteElo "2020"]
[BlackElo "1701"]
[PlyCount "65"]
[EventDate "1998.07.??"]

1. e4 e6 2. d4 d5 3. Nc3 Bb4 4. e5 c5 5. a3 Bxc3+ 6. bxc3 Ne7 7. a4 Nbc6 8. Nf3
Qa5 9. Qd2 b6 10. Bd3 Ba6 11. O-O Bxd3 12. Qxd3 Rc8 13. Bd2 h6 14. Rfb1 c4 15.
Qe2 Ng6 16. h4 Qa6 17. h5 Nge7 18. Nh4 Kd7 19. Bc1 Rcg8 20. Ba3 g5 21. Nf3 g4
22. Nh2 g3 23. Ng4 gxf2+ 24. Kxf2 Rg5 25. Nf6+ Kd8 26. g4 Ng8 27. Qf3 Nge7 28.
a5 Qb7 29. axb6 axb6 30. Bc5 Nc8 31. Nxd5 Rhg8 32. Bxb6+ Nxb6 33. Rxb6 1-0

[Event "VII Weekend A"]
[Site "Palestrina ITA"]
[Date "1998.07.??"]
[Round "5"]
[White "Tomescu, Vlad"]
[Black "Gaspero, Mario"]
[Result "1-0"]
[WhiteElo "2425"]
[BlackElo "1785"]
[PlyCount "83"]
[EventDate "1998.07.??"]

1. e4 c5 2. Nf3 d6 3. d4 cxd4 4. Nxd4 Nf6 5. Nc3 a6 6. Bc4 e6 7. Bb3 b5 8. a3
Be7 9. f3 Qc7 10. Be3 Nc6 11. Qd2 Na5 12. O-O O-O 13. g4 Nc4 14. Bxc4 Qxc4 15.
Qd3 Qxd3 16. cxd3 Bb7 17. Nb3 Rfc8 18. Na5 Bc6 19. Rac1 Bd8 20. Nxc6 Rxc6 21.
Na2 Rcc8 22. Nb4 a5 23. Nc6 Nd7 24. Rf2 Ne5 25. Rfc2 Kf8 26. Nxe5 Rxc2 27. Rxc2
dxe5 28. Kf2 Rb8 29. Bc5+ Be7 30. Ke2 Ke8 31. Bxe7 Kxe7 32. Rc7+ Kf6 33. Kd2
Kg6 34. Rc5 f6 35. Rc6 Kf7 36. Rc7+ Kg6 37. Re7 Rb6 38. h4 f5 39. Rxe6+ Rxe6
40. gxf5+ Kf6 41. fxe6 Kxe6 42. Ke3 1-0

[Event "VII Weekend A"]
[Site "Palestrina ITA"]
[Date "1998.07.??"]
[Round "5"]
[White "Vannelli, Vittorio"]
[Black "Ottavi, Marco"]
[Result "0-1"]
[WhiteElo "1741"]
[BlackElo "1900"]
[PlyCount "82"]
[EventDate "1998.07.??"]

1. e4 e6 2. d4 d5 3. Nd2 Nf6 4. e5 Nfd7 5. Bd3 c5 6. c3 Nc6 7. Qg4 f5 8. Qf4
cxd4 9. cxd4 Be7 10. Ne2 Nb6 11. O-O Bd7 12. Nb3 Nb4 13. Bb1 Bb5 14. Nc5 Bxc5
15. dxc5 Bxe2 16. Re1 Nd3 17. Bxd3 Bxd3 18. Qg3 Qe7 19. cxb6 Bb5 20. Bg5 Qd7
21. Qa3 Kf7 22. bxa7 b6 23. Qb4 Rxa7 24. a4 Bxa4 25. Qxb6 Rb7 26. Qd4 Bb3 27.
Ra3 Rc8 28. Qh4 h6 29. Bd2 Bc4 30. Bc3 Ra7 31. Rea1 Rca8 32. Qh5+ Kg8 33. Rxa7
Rxa7 34. Rxa7 Qxa7 35. Qe8+ Kh7 36. h3 d4 37. Bb4 Qa1+ 38. Kh2 Qxb2 39. Bf8 d3
40. f4 Qb7 41. Qe7 Qxe7 0-1

[Event "VII Weekend A"]
[Site "Palestrina ITA"]
[Date "1998.07.??"]
[Round "6"]
[White "Brunetti, Alessandro"]
[Black "Scacco, Mauro"]
[Result "0-1"]
[WhiteElo "1827"]
[BlackElo "2020"]
[PlyCount "58"]
[EventDate "1998.07.??"]

1. d4 Nf6 2. Nf3 d6 3. g3 g6 4. Bg2 Bg7 5. O-O O-O 6. c3 Nc6 7. Bf4 Qe8 8. Qc1
e5 9. dxe5 dxe5 10. Bh6 e4 11. Bxg7 Kxg7 12. Nd4 Ne5 13. Nd2 Neg4 14. h3 Nh6
15. Nc4 Qe7 16. Nc2 Qc5 17. N4e3 Be6 18. Nd4 Bd7 19. Qc2 Rfe8 20. Rad1 Rad8 21.
Rd2 Qh5 22. Rfd1 Bxh3 23. Ne6+ Rxe6 24. Rxd8 Nhg4 25. Nxg4 Nxg4 26. Bxe4 Rf6
27. R8d5 g5 28. Qd2 h6 29. Bf3 Bg2 0-1